<?xml version="1.0" encoding="UTF-8"?><?xml-stylesheet type="text/xsl" href="static/style.xsl"?><OAI-PMH xmlns="http://www.openarchives.org/OAI/2.0/" xmlns:xsi="http://www.w3.org/2001/XMLSchema-instance" xsi:schemaLocation="http://www.openarchives.org/OAI/2.0/ http://www.openarchives.org/OAI/2.0/OAI-PMH.xsd"><responseDate>2026-04-27T21:28:13Z</responseDate><request verb="GetRecord" identifier="oai:uvadoc.uva.es:10324/40656" metadataPrefix="marc">https://uvadoc.uva.es/oai/request</request><GetRecord><record><header><identifier>oai:uvadoc.uva.es:10324/40656</identifier><datestamp>2023-10-02T12:52:49Z</datestamp><setSpec>com_10324_1161</setSpec><setSpec>com_10324_931</setSpec><setSpec>com_10324_894</setSpec><setSpec>col_10324_1318</setSpec></header><metadata><record xmlns="http://www.loc.gov/MARC21/slim" xmlns:doc="http://www.lyncode.com/xoai" xmlns:xsi="http://www.w3.org/2001/XMLSchema-instance" xmlns:dcterms="http://purl.org/dc/terms/" xsi:schemaLocation="http://www.loc.gov/MARC21/slim http://www.loc.gov/standards/marcxml/schema/MARC21slim.xsd">
<leader>00925njm 22002777a 4500</leader>
<datafield tag="042" ind1=" " ind2=" ">
<subfield code="a">dc</subfield>
</datafield>
<datafield tag="720" ind1=" " ind2=" ">
<subfield code="a">Barquín, José</subfield>
<subfield code="e">author</subfield>
</datafield>
<datafield tag="720" ind1=" " ind2=" ">
<subfield code="a">Álvarez Martínez, José Manuel</subfield>
<subfield code="e">author</subfield>
</datafield>
<datafield tag="720" ind1=" " ind2=" ">
<subfield code="a">Jiménez Alfaro, Borja</subfield>
<subfield code="e">author</subfield>
</datafield>
<datafield tag="720" ind1=" " ind2=" ">
<subfield code="a">García, Daniel</subfield>
<subfield code="e">author</subfield>
</datafield>
<datafield tag="720" ind1=" " ind2=" ">
<subfield code="a">Vieites, David</subfield>
<subfield code="e">author</subfield>
</datafield>
<datafield tag="720" ind1=" " ind2=" ">
<subfield code="a">Serrano Cañadas, Enrique</subfield>
<subfield code="e">author</subfield>
</datafield>
<datafield tag="720" ind1=" " ind2=" ">
<subfield code="a">González Díez, Alberto</subfield>
<subfield code="e">author</subfield>
</datafield>
<datafield tag="720" ind1=" " ind2=" ">
<subfield code="a">Tejón, Sergio</subfield>
<subfield code="e">author</subfield>
</datafield>
<datafield tag="720" ind1=" " ind2=" ">
<subfield code="a">Luis Calabuig, Estanislao de</subfield>
<subfield code="e">author</subfield>
</datafield>
<datafield tag="720" ind1=" " ind2=" ">
<subfield code="a">Taboada, Ángela</subfield>
<subfield code="e">author</subfield>
</datafield>
<datafield tag="720" ind1=" " ind2=" ">
<subfield code="a">Purroy, Francisco José</subfield>
<subfield code="e">author</subfield>
</datafield>
<datafield tag="720" ind1=" " ind2=" ">
<subfield code="a">Jesús, Manuel del</subfield>
<subfield code="e">author</subfield>
</datafield>
<datafield tag="720" ind1=" " ind2=" ">
<subfield code="a">Naves, Javier</subfield>
<subfield code="e">author</subfield>
</datafield>
<datafield tag="720" ind1=" " ind2=" ">
<subfield code="a">Fernández Gil, Alberto</subfield>
<subfield code="e">author</subfield>
</datafield>
<datafield tag="720" ind1=" " ind2=" ">
<subfield code="a">Serdio, Ángel</subfield>
<subfield code="e">author</subfield>
</datafield>
<datafield tag="720" ind1=" " ind2=" ">
<subfield code="a">Lucio, Antonio Javier</subfield>
<subfield code="e">author</subfield>
</datafield>
<datafield tag="720" ind1=" " ind2=" ">
<subfield code="a">Suárez, Rodrigo</subfield>
<subfield code="e">author</subfield>
</datafield>
<datafield tag="720" ind1=" " ind2=" ">
<subfield code="a">Araujo, Joaquín</subfield>
<subfield code="e">author</subfield>
</datafield>
<datafield tag="260" ind1=" " ind2=" ">
<subfield code="c">2018</subfield>
</datafield>
<datafield tag="520" ind1=" " ind2=" ">
<subfield code="a">La Cordillera Cantábrica presenta una serie de singularidades que le convierten en un excelente enclave para el seguimiento de los efectos del cambio global. Este estudio analiza la necesidad de generar un observatorio inter-autonómico del cambio global, que permitiría integrar el conocimiento actual sobre estas montañas y determinar las prioridades en la generación de nuevo conocimiento. Para cumplir este objetivo, se presentan dos aproximaciones complementarias. La primera consiste en la revisión de la literatura científica publicada sobre la Cordillera Cantábrica y su comparación con otros enclaves geográficos de la Península Ibérica. La segunda consiste en la síntesis de información de un seminario titulado “La Cordillera Cantábrica como Centinela de los Efectos del Cambio Global”, celebrado en Santander en agosto de 2015. El análisis bibliográfico muestra que el número de publicaciones científicas sobre la Cordillera Cantábrica es similar al de otros enclaves geográficos de la Península Ibérica, pero con menor riqueza de disciplinas. La producción científica está dominada por los centros de investigación más próximos y tiene una alta participación internacional. Las conclusiones del seminario evidencian que este sistema es un candidato ideal para el seguimiento de los efectos del cambio global sobre multitud de elementos biofísicos. Se considera que la generación de un seminario permanente, junto con la consolidación de las redes de seguimiento actuales, la coordinación de nuevos trabajos, y la mejora de la comunicación entre administraciones y comunidad científico-técnica son elementos esenciales en la futura generación de un observatorio del cambio global en la Cordillera Cantábrica.</subfield>
</datafield>
<datafield tag="024" ind2=" " ind1="8">
<subfield code="a">Ecosistemas, 2018, vol. 27, n. 1. p. 96-104</subfield>
</datafield>
<datafield tag="024" ind2=" " ind1="8">
<subfield code="a">1697-2473</subfield>
</datafield>
<datafield tag="024" ind2=" " ind1="8">
<subfield code="a">http://uvadoc.uva.es/handle/10324/40656</subfield>
</datafield>
<datafield tag="024" ind2=" " ind1="8">
<subfield code="a">10.7818/ECOS.1422</subfield>
</datafield>
<datafield ind1=" " ind2=" " tag="653">
<subfield code="a">Biodiversidad</subfield>
</datafield>
<datafield ind1=" " ind2=" " tag="653">
<subfield code="a">Naturaleza - Conservación</subfield>
</datafield>
<datafield ind1=" " ind2=" " tag="653">
<subfield code="a">Gestión del territorio</subfield>
</datafield>
<datafield ind1=" " ind2=" " tag="653">
<subfield code="a">Seguimiento ambiental</subfield>
</datafield>
<datafield ind1=" " ind2=" " tag="653">
<subfield code="a">Geografía - España - Cordillera Cantábrica</subfield>
</datafield>
<datafield tag="245" ind1="0" ind2="0">
<subfield code="a">La integración del conocimiento sobre la Cordillera Cantábrica: hacia un observatorio inter-autonómico del cambio global</subfield>
</datafield>
</record></metadata></record></GetRecord></OAI-PMH>